Psicología y sociología del grupo

Salvato in:
Dettagli Bibliografici
Autori principali: Bauleo, A (Autore), Caparrós, Antonio (Autore), Caparrós, Nicolás (Autore), Díaz, Susana (Autore), Labrucherie, Nieves (Autore), Marrero, Sergio (Autore)
Altri autori: López Ornat, Susana (autora), Pavlovsky, Eduardo (autor)
Natura: Libro
Lingua:spagnolo
Pubblicazione: Madrid Fundamentos 1975
Serie:Colección Ciencia, 47
Soggetti:
Tags: Aggiungi Tag
Nessun Tag, puoi essere il primo ad aggiungerne!!

MARC

LEADER 00000cam a2200000 a 4500
001 UCG9166
003 CL-VaPUC
008 120127e19750000SP |||||||||||||||||spa|d
020 |a 8424501381 
082 0 4 |a 305  |b BAU  |2 21 
100 0 |a Bauleo, A  |e author  |9 560609 
700 0 |a Caparrós, Antonio  |e author  |9 560610 
700 0 |a Caparrós, Nicolás  |e author  |9 560611 
700 0 |a Díaz, Susana  |e author  |9 560612 
700 0 |a Labrucherie, Nieves  |e author  |9 560613 
700 |a López Ornat, Susana  |e autora  |9 560614 
700 0 |a Marrero, Sergio  |e author  |9 560615 
700 |a Pavlovsky, Eduardo  |e autor  |9 560616 
245 1 0 |a Psicología y sociología del grupo 
300 |a 293 p 
942 |c BK 
945 |d 20120127 00:00:00  |a dcastane 
260 |a Madrid  |b Fundamentos  |c 1975 
650 0 |a Psicología   |9 257863 
650 7 |a SOCIOLOGIA DE GRUPO  |2 CL-VaPUC  |9 560617 
650 0 |a Trabajo social   |9 307856 
650 0 |a Grupos sociales  |9 268887 
583 |a last modification  |c 20120127 09:50:00  |k Rodrigo Vera 
490 0 |a Colección Ciencia, 47 
999 |c 346733  |d 346731 
952 |0 0  |1 0  |4 0  |6 305_000000000000000_BAU_1975  |7 0  |8 P  |9 447549  |a BIBEDU  |b BIBEDU  |c BIBEDU_PB  |d 2019-11-22  |i 4837231  |o 305 BAU 1975  |p 4837231  |r 2024-01-25  |w 2019-11-22  |y BK  |k PSI